[Event "Moscow op-B"]
[Site "Moscow"]
[Date "2009.02.07"]
[Round "8"]
[White "Zhuldybin, Maxim"]
[Black "Motruk, Oleg"]
[Result "1-0"]
[WhiteElo "1400"]
[BlackElo "1727"]
[PlyCount "85"]
[EventDate "2009.01.31"]
[EventType "swiss"]
[EventRounds "9"]
[EventCountry "RUS"]
[SourceTitle "EXT 2023"]
[Source "ChessBase"]
[SourceDate "2022.10.05"]
[SourceVersion "1"]
[SourceVersionDate "2022.10.05"]
[SourceQuality "1"]

1. e4 d5 2. exd5 Nf6 3. Nf3 Nxd5 4. d4 g6 5. Bc4 Bg7 6. 0-0 c6 7. c3 0-0 8. a3 b5 9. Bxd5 Qxd5 10. Re1 e6 11. Nbd2 a5 12. Ne4 Na6 13. Bf4 f5 14. Neg5 h6 15. Nh3 Qd8 16. Ne5 g5 17. Nxc6 Qe8 18. Bxg5 hxg5 19. Nxg5 Qxc6 20. Qh5 Rf6 21. d5 Qd6 22. dxe6 Qe7 23. Rad1 Bxe6 24. Rxe6 Rxe6 25. Qh7+ Kf8 26. Qxf5+ Rf6 27. Nh7+ Kg8 28. Nxf6+ Bxf6 29. Qd5+ Kg7 30. Qxa8 Nc5 31. g3 a4 32. Qc6 Qe2 33. Rd6 Ne4 34. Qd7+ Kh6 35. Qf5 Nxd6 36. Qxf6+ Kh7 37. Qxd6 Qe1+ 38. Kg2 Qe4+ 39. Kh3 Qf5+ 40. g4 Qf3+ 41. Qg3 Qd1 42. f4 Qf1+ 43. Kh4 1-0

[Event "Moscow op-B"]
[Site "Moscow"]
[Date "2009.02.06"]
[Round "7"]
[White "Andreanov, Vassily"]
[Black "Zhuldybin, Maxim"]
[Result "1/2-1/2"]
[WhiteElo "1400"]
[BlackElo "1400"]
[PlyCount "62"]
[EventDate "2009.01.31"]
[EventType "swiss"]
[EventRounds "9"]
[EventCountry "RUS"]
[SourceTitle "EXT 2023"]
[Source "ChessBase"]
[SourceDate "2022.10.05"]
[SourceVersion "1"]
[SourceVersionDate "2022.10.05"]
[SourceQuality "1"]

1. d4 c5 2. c3 cxd4 3. cxd4 e6 4. e3 a6 5. Be2 Nf6 6. Nc3 Bb4 7. Bd3 Qa5 8. Bd2 Nd5 9. Nxd5 Bxd2+ 10. Qxd2 Qxd5 11. Nf3 Nc6 12. 0-0 b5 13. Bc2 f5 14. Rfe1 Bb7 15. e4 fxe4 16. Bxe4 Qd6 17. Rad1 0-0-0 18. Rc1 Kb8 19. a3 h6 20. d5 Ne5 21. Rcd1 g5 22. Qd4 Nc4 23. a4 exd5 24. axb5 axb5 25. Bxd5 g4 26. Ne5 Rhe8 27. Bxc4 Qxd4 28. Rxd4 bxc4 29. Rxc4 Bc6 30. Nxc6+ dxc6 31. Rec1 Re2 1/2-1/2